Holy bishops in late antiquity : the nature of Christian leadership in an age of transition (Record no. 206002)

MARC details
000 -LEADER
fixed length control field 00753nam a2200217Ia 4500
008 - FIXED-LENGTH DATA ELEMENTS--GENERAL INFORMATION
fixed length control field 191130s2005##################000#0#eng##
020 ## - INTERNATIONAL STANDARD BOOK NUMBER
ISBN 9780520242968
082 ## - DEWEY DECIMAL CLASSIFICATION NUMBER
Classification number 262.1214 RAP
100 ## - MAIN ENTRY--AUTHOR NAME
Personal name Rapp, Claudia
245 ## - TITLE STATEMENT
Title Holy bishops in late antiquity : the nature of Christian leadership in an age of transition
Statement of responsibility, etc Claudia Rapp
260 ## - PUBLICATION, DISTRIBUTION, ETC. (IMPRINT)
Place of publication Berkeley
Name of publisher University of California Press
Year of publication c2005
300 ## - PHYSICAL DESCRIPTION
Number of Pages xii, 346 p. : ill. ; 24 cm
500 ## - GENERAL NOTE
General note Includes bibliographical references (p. 303-338) and index
650 ## - SUBJECT ADDED ENTRY--TOPICAL TERM
Topical Term Bishops - Rome
Topical Term Church history - Primitive and early church, ca. 30-600
991 ## -
-- 109415
Holdings
Withdrawn status Lost status Damaged status Not for loan Home library Current library Shelving location Date acquired Full call number Accession Number Price effective from Koha item type
        Anna Centenary Library Anna Centenary Library 3RD FLOOR, B WING 13.10.2020 262.1214 RAP 165855 13.10.2020 English Books

Find us on the map